European harmonization versus national constitutionaL sovereignity – on the example of the measures to contain the crisis of the common european currency

Rola spolkového ústavného súdu v Nemecku. Dlhy európskych krajín a banková kríza. Dôvody nutnosti záchrany Eura. Európsky stabilitzačný mechanizmus ESM a program OMT. Ústavný spolkový súd vs európsky súd: kto má právnu moc nad EÚ?

Na minha lista:
Detalhes bibliográficos
Autor principal: Becker, RA Jochen
Formato: Capítulo de Livro
Idioma:inglês
Assuntos:
Tags: Adicionar Tag
Sem tags, seja o primeiro a adicionar uma tag!

MARC

LEADER 00000naa a2200000 4500
001 0215858
005 20221019164822.5
041 0 |a eng 
044 |a SK 
245 1 0 |a European harmonization versus national constitutionaL sovereignity – on the example of the measures to contain the crisis of the common european currency  |c RA Jochen Becker 
520 |a Rola spolkového ústavného súdu v Nemecku. Dlhy európskych krajín a banková kríza. Dôvody nutnosti záchrany Eura. Európsky stabilitzačný mechanizmus ESM a program OMT. Ústavný spolkový súd vs európsky súd: kto má právnu moc nad EÚ? 
610 2 0 |a Súdny dvor Európskej únie 
610 2 0 |a súdnictvo 
610 2 0 |a Nemecko 
610 2 0 |a právo európske 
610 2 0 |a právo ústavné 
610 2 0 |a politika menová 
610 2 0 |a nástroje politiky menovej 
610 2 0 |a Európska centrálna banka 
100 1 |a Becker, RA Jochen